Green radio communication networks (Record no. 11826)

000 -LEADER
fixed length control field 01087cam a22002657a 4500
001 - CONTROL NUMBER
control field 17253367
005 - DATE AND TIME OF LATEST TRANSACTION
control field 20170105102349.0
008 - FIXED-LENGTH DATA ELEMENTS--GENERAL INFORMATION
fixed length control field 120412s2012 enkd 001 0 eng
010 ## - LIBRARY OF CONGRESS CONTROL NUMBER
LC control number 2012009106
020 ## - INTERNATIONAL STANDARD BOOK NUMBER
International Standard Book Number 9781107017542 (hardback)
040 ## - CATALOGING SOURCE
Original cataloging agency DLC
Transcribing agency DLC
082 00 - DEWEY DECIMAL CLASSIFICATION NUMBER
Classification number 621.3840286
Edition number 23
245 10 - TITLE STATEMENT
Title Green radio communication networks
Statement of responsibility, etc. Ekram Hossain, Vijay K. Bhargava, Gerhard P. Fettweis.
260 ## - PUBLICATION, DISTRIBUTION, ETC.
Place of publication, distribution, etc. Cambridge, UK ;
-- New York :
Name of publisher, distributor, etc. Cambridge University Press,
Date of publication, distribution, etc. c2012.
300 ## - PHYSICAL DESCRIPTION
Extent xxviii, 410 p. :
Other physical details ill. (some col.) ;
Dimensions 26 cm.
504 ## - BIBLIOGRAPHY, ETC. NOTE
Bibliography, etc. note Includes bibliographical references and index.
650 #0 - SUBJECT ADDED ENTRY--TOPICAL TERM
Topical term or geographic name entry element Wireless communication systems
General subdivision Environmental aspects.
650 #0 - SUBJECT ADDED ENTRY--TOPICAL TERM
Topical term or geographic name entry element Wireless communication systems
General subdivision Energy consumption.
700 1# - ADDED ENTRY--PERSONAL NAME
Personal name Hossain, Ekram,
Dates associated with a name 1971-
700 1# - ADDED ENTRY--PERSONAL NAME
Personal name Bhargava, Vijay K.,
Dates associated with a name 1948-
700 1# - ADDED ENTRY--PERSONAL NAME
Personal name Fettweis, Gerhard P.
906 ## - LOCAL DATA ELEMENT F, LDF (RLIN)
a 7
b cbc
c orignew
d 1
e ecip
f 20
g y-gencatlg
942 ## - ADDED ENTRY ELEMENTS (KOHA)
Source of classification or shelving scheme
Koha item type Book
Holdings
Withdrawn status Lost status Damaged status Not for loan Collection code Permanent Location Current Location Shelving location Date acquired Source of acquisition Cost, normal purchase price Total Checkouts Full call number Barcode Date last seen Price effective from Koha item type
          Central Library (CL) Central Library (CL) General Stacks 04/24/2013 Progressive International Agencies 10789.69   621.3840286 HOS SEECS012313 04/24/2013 04/24/2013 Book
© 2023 Central Library, National University of Sciences and Technology. All Rights Reserved.